विचित्र माणसं विक्षिप्त शास्त्रज्ञ / (Record no. 54343)

MARC details
000 -LEADER
fixed length control field 00992nam a22002297a 4500
005 - DATE AND TIME OF LATEST TRANSACTION
control field 20110725120732.0
008 - FIXED-LENGTH DATA ELEMENTS--GENERAL INFORMATION
fixed length control field 110725t xxu||||| |||| 00| 0 mar d
010 ## - LCCN (DPL NO)
LC control number MAR-21133
020 ## - INTERNATIONAL STANDARD BOOK NUMBER
Terms of availability 160.00
035 ## - SYSTEM CONTROL NUMBER
System control number MR-13791
037 ## - SOURCE OF ACQUISITION
Source of stock number/acquisition DBAD/PUB
040 ## - CATALOGING SOURCE
Original cataloging agency DPL
Language of cataloging MR
082 ## - DEWEY DECIMAL CLASSIFICATION NUMBER
Classification number 920
100 ## - MAIN ENTRY--PERSONAL NAME
9 (RLIN) 30018
Personal name घाटे,निरंजन
245 ## - TITLE STATEMENT
Title विचित्र माणसं विक्षिप्त शास्त्रज्ञ /
Statement of responsibility, etc निरंजन घाटे
246 ## - VARYING FORM OF TITLE
Title proper/short title Vichitra Mansa Vikshipt Shastradyna
Remainder of title by Niranjan Ghate
260 ## - PUBLICATION, DISTRIBUTION, ETC. (IMPRINT)
Place of publication, distribution, etc पुणे
Name of publisher, distributor, etc दिलीपराज प्रकाशन
Date of publication, distribution, etc 2008
270 ## - ADDRESS
Address 251 क, शनिवार पेठ
City पुणे
Postal code 411030
300 ## - PHYSICAL DESCRIPTION
Extent 192पृ
Dimensions 22सेमी(अजिल्द)
942 ## - ADDED ENTRY ELEMENTS (KOHA)
Source of classification or shelving scheme Dewey Decimal Classification
Item type Marathi Books
Call number suffix घाटेनि
Classification part 920
Holdings
Withdrawn status Lost status Source of classification or shelving scheme Damaged status Not for loan Collection code Home library Current library Date acquired Source of acquisition Cost, normal purchase price Total Checkouts Full call number Barcode Date last seen Copy number Cost, replacement price Koha item type
    Dewey Decimal Classification   Not For Loan Non-fiction D.B.Act.Division D.B.Act.Division 25/07/2011 DBAD / PUB 160.00   920 घाटेनि MR-13791 25/07/2011 1 160.00 Marathi Books

© Delhi Public Library
Hit Counter
free hit counter